=LDR 00000nam 2200000 4500 =001 INLIS000000000022310 =005 20130612121059 =008 ***********************************Ind** =035 ##$$0010-061300000022310 =041 ##$$a Ind =082 ##$$a 396 =090 ##$$a 369, Har m =100 ##$$a Noyopuro hardjito =245 ##$$a Msalah wanita kedudukan dan peranannya, Hardjito notopuro =260 ##$$a 1973 $b Jakarta =300 ##$$a 24 hlm, 21 cm =650 ##$$a Kedudukan wanita =850 ##$$a NBPNMAT